1817 1441 1333 1998 1652 1013 1217 1620 1265 1768 1755 1836 1115 1848 1023 1822 1540 1255 1646 1780 1937 1596 1178 1736 1521 1072 1551 1264 1338 1440 1009 1202 1525 1422 1709 1469 1996 1799 1279 1618 1038 1077 1600 1255 1453 1300 1957 1012 1960 1652 1637 1313 1185 1806 1648 1265 1115 1275 1684 1653 1225 1601 1455 1664 1048 1082 1437 1318 1509 1087 1548 1843 1696 1379 1648 1518 1985 1056 1732 1855 1037 1466 1333 1097 1908 1999 1538 1119 1958 1614 1530 1479 1250 1956 1256 1762 1747 1768 1010 BCNSPRNW ULIB Ver.6.0+V

เปลี่ยนเป็นภาษาไทย

Change to English
 แสดงรายละเอียดบรรณานุกรม
  กลับหน้าหลัก

Brief Record : Get Marc (ISO 2709) : E-mail record : QR code < ปิดหน้าต่าง
LEADER : 00000nam 2200000uu 4500
001    13399120983
003     ULIB
008    121029s2546||||th 000 0 tha d
020    ^a9749166043
020    ^a9789749166048
040    ^abrv
050  4 ^aHD4912.T5^bธ13ก
100 0  ^aธงชัย สันติวงษ์
245 10 ^aการบริหารค่าตอบแทน =^bCompensation Management /^cธงชัย สันติวงษ์
246 31 ^aCompensation Management
250    ^aพิมพ์ครั้งที่ 6
260    ^aกรุงเทพฯ :^bบริษัท ประชุมช่าง จำกัด,^c2546
300    ^a336 หน้า :^bภาพประกอบ ;^c24 ซม.
650  4 ^aการบริหารค่าตอบแทน
650  4 ^aค่าจ้าง
945    ^p140^l0^i16604
995    ^aทศพร
999    ^aทศพร เกษรทอง
รายการนี้ยังไม่มีแท็ก
คุณยังไม่ได้ล็อกอิน คุณสามารถมีกิจกรรมร่วมกับเว็บไซต์ได้ แต่ต้องล็อกอินก่อน ::
  ล็อกอิน

รายการสื่อสารสนเทศ

ลำดับที่ ประเภท เลขเรียก/บาร์โค้ด สถานที่ สถานะ
1. วิทยาศาสตร์การแพทย์ และสุขภาพ
วิทยาศาสตร์การแพทย์ และสุขภาพ
HD4912.T5 ธ13ก ฉ.1 
  Barcode: 16604
ห้องสมุดวิทยาเขตสวรรค์ประชารักษ์
►หนังสือทั่วไป
บนชั้น

รายการใกล้เคียง
    ผู้แต่ง [ธงชัย สันติวงษ์]

    หัวเรื่อง [การบริหารค่าตอบแทน]
    หัวเรื่อง [ค่าจ้าง]

BibComment


ยังไม่เคยถูกคอมเมนท์

คอมเมนท์ทรัพยากรรายการนี้
  คอมเมนท์: การบริหารค่าตอบแ..


 Copyright 2026. Bcnsprnw @Library